Simplified Accounting for Partnership and Corporation (Record no. 347374)
[ view plain ]
| 000 -LEADER | |
|---|---|
| fixed length control field | 00378nam a2200133Ia 4500 |
| 008 - FIXED-LENGTH DATA ELEMENTS--GENERAL INFORMATION | |
| fixed length control field | 171205s9999 xx 000 0 und d |
| 020 ## - INTERNATIONAL STANDARD BOOK NUMBER | |
| International Standard Book Number | 9789719349181 |
| 100 ## - MAIN ENTRY--PERSONAL NAME | |
| Personal name | Abeleda Nelson S> |
| 245 ## - TITLE STATEMENT | |
| Statement of responsibility, etc | Nelson S. Abeleda |
| Title | Simplified Accounting for Partnership and Corporation |
| 250 ## - EDITION STATEMENT | |
| Edition statement | 2012 ed. |
| 260 ## - PUBLICATION, DISTRIBUTION, ETC. (IMPRINT) | |
| Name of publisher, distributor, etc | Nelson Publications |
| Date of publication, distribution, etc | 2009 |
| 300 ## - PHYSICAL DESCRIPTION | |
| Extent | 364 pages |
| 440 ## - SERIES STATEMENT/ADDED ENTRY--TITLE | |
| Volume number/sequential designation | vol 2 |
| Withdrawn status | Lost status | Source of classification or shelving scheme | Damaged status | Home library | Current library | Shelving location | Date acquired | Source of acquisition | Total Checkouts | Total Renewals | Full call number | Barcode | Date last seen | Date checked out | Price effective from | Koha item type |
|---|---|---|---|---|---|---|---|---|---|---|---|---|---|---|---|---|
| Library of Congress Classification | Archives | Archives | 12/05/2017 | Donation | 1 | 12 | HF 5635 .Ab141 2012 | C21122 | 05/08/2018 | 02/10/2018 | 12/05/2017 | Books |